000 01111nas a2200361 4500
001 BR0601620
003 BR-BrBNA
005 20231205105936.0
007 ta
008 230509b bl.|||p| |||| 00| 00por d
040 _aBR-BrBNA
_bpor
_cBiblioteca Nacional de Agricultura
041 _a(Pt)
072 _aL70; L73
100 1 _aOliveira, L.S. de
100 1 _aJulião, F. da S.
100 1 _aSouza, V.M.M. de
100 1 _aFreitas, D.S.
100 1 _aSouza, B.M.P. da S.
100 1 _aPaule, B.J.A.
100 1 _aAguiar, P.H.P.
100 1 _aMelo, S.M.B.
100 1 _aFranke, C.R.
245 1 _aA utilização da imunofluorescência indireta no diagnóstico de rotina da Leishmaniose visceral canina e suas implicações no controle da doênça
650 _aCÃO
650 _aELISA
650 _aIMUNOFLUORESCÊNCIA
650 _aSORO-SANGÜINEO
650 _aDIAGNÓSTICO
650 _aZOONOSE
773 0 _tCiência Animal Brasileira (Brazil)
_xISSN 1518-2797
_g(Jan-Mar 2005), v. 6(1) p. 41-47
_wBR0601620
909 _a202311
_bLúcia
_c55
_dLúcia Elande
942 _2AGRIS
_n0
_cANA
999 _c185463
_d185463